| 000 | 02010nam0a2200373 4500 | ||
|---|---|---|---|
| 001 | RU\NLR\BIBL_A\012481559 | ||
| 005 | 20220812115953.0 | ||
| 010 |
_a978-5-16-016320-8 _bprint _9500 |
||
| 021 |
_aRU _bКН-П-20-069446 _9КН-П-20-5227 |
||
| 035 | _a(NLR Aleph) 012481559 | ||
| 035 | _a(RuMoRGB)010471349 | ||
| 090 |
_a12132778 _c12132778 |
||
| 100 | _a20210322d2021 u y0rusy50 ca | ||
| 101 | 0 | _arus | |
| 102 | _aRU | ||
| 105 | _aa|||j|||000zy | ||
| 181 | 0 |
_ai _baxxe |
|
| 182 | 0 | _an | |
| 200 | 1 |
_aВахтенное обслуживание СЭУ _eэксплуатация судовых энергетических установок и безопасное несение машинной вахты _eучебно-методическое пособие _fЮ. Г. Дейнего _gЧерноморское высшее военно-морское училище имени П. С. Нахимова |
|
| 203 |
_aТекст _bвизуальный _cнепосредственный |
||
| 210 |
_aМосква _cИНФРА-М _d2021 [т. е. 2020] |
||
| 215 |
_a173, [1] с. _cил., табл. _d22 |
||
| 225 | 1 | _aВоенное бразование | |
| 300 | _aФактическая дата выхода в свет - 2020 | ||
| 320 | _aБиблиогр.: с. 167 (5 назв.) | ||
| 606 |
_aВахтенная служба судовая _jУчебно-методические пособия для высших учебных заведений _92524522 _3RU\NLR\AUTH\661495706 |
||
| 606 | 1 |
_aСудовые силовые установки _jУчебно-методические пособия для высших учебных заведений _xТехническое обслуживание _91724349 _3RU\NLR\AUTH\661066800 |
|
| 686 | 1 | _aО455-082.05я73-1 | |
| 686 | 1 | _aО42-082.02я73-1 | |
| 700 | 1 |
_aДейнего _bЮ. Г. _gЮрий Григорьевич |
|
| 942 | _cBOOK | ||
| 980 | _aNB | ||